000 00609nam a2200205Ia 4500
003 GCL
008 140319s9999 xx 000 0 ara d
040 _aGCL /
_cGCL
082 0 4 _a398.08
_bش ت
100 1 _aشوقى عبدالحكيم
245 1 0 _aتراث شعبى /
_cشوقى عبدالحكيم
260 _a[S.N] :
_bالهيئة المصرية العامة للكتاب ،
_c1994
300 _a638 ص
490 _a
650 0 4 _aالفولكلور
650 0 4 _aالادب الشعبى
650 0 4 _aالاغانى الشعبية
650 0 4 _aالقصص الشعبية
942 _2ddc
_cBK
999 _c35144
_d35144